Schumacher oder Vettel: Wer wars? - Statistiken

Allgemein
  • Dieses Quiz wurde 224 mal gespielt
  • Das Durchschnittsergebnis liegt bei 14 aus 22
Antwortstatistiken
Frage Antwort % Korrekt
Ich hatte das Namenskürzel VET. Sebastian Vettel
98%
Ich hatte mehr WM-Titel. Michael Schumacher
96%
Mein Sohn fuhr schon in der Formel 1. Michael Schumacher
94%
Ich war der erste deutsche Weltmeister. Michael Schumacher
89%
Ich war jünger bei meinem Formel-1-Debüt. Sebastian Vettel
87%
Ich habe Kinder. Beide
77%
Ich hatte weniger als 50 Rennsiege. Niemand
74%
Ich hatte mehr als 50 Poles. Beide
72%
Ich hatte weniger Rennausfälle. Sebastian Vettel
72%
Ich war während meiner Karriere in mehr Teams. Sebastian Vettel
68%
Ich hatte zu Ferrari-Zeiten den Spitznamen "The Red Baron". Michael Schumacher
66%
Ich hatte 33 Podestplätze mehr. Michael Schumacher
64%
Ich hatte weniger als 100 Rennsiege. Beide
60%
Ich hatte über 5.000 Führungsrunden. Michael Schumacher
57%
Ich hatte die Fahrernummer 98. Niemand
55%
Ich bin in Hürth, Deutschland geboren. Michael Schumacher
51%
Ich hatte über 3.500 Führungsrunden. Beide
47%
Ich hatte nicht mal halb so viele schnellste Rennrunden. Sebastian Vettel
47%
Ich hatte mehr als 300 Rennstarts. Michael Schumacher
45%
Ich hatte das Namenskürzel SCH. Niemand
36%
Ich hatte über 3.000 WM-Punkte. Sebastian Vettel
30%
Ich hatte mehr als 70 Poles. Niemand
26%
Keine übereinstimmenden Quizze gefunden
Verteilung der Resultate
Anzahl Personen mit jedem Resultat
Perzentil nach korrekt beantworteten Fragen
Ihre Resultats-Entwicklung
Sie haben dieses Quiz noch nicht gespielt